Statistics for EXTREME Disney Animated Films by Country

Click here to take the quiz!

General Stats

  • This quiz has been taken 232 times
    (217 since last reset)
  • The average score is 18 of 43

Answer Stats

Film Country % Correct
MulanChina
87%
Beauty And The BeastFrance
80%
BraveScotland
72%
Snow White And The Seven DwarfsGermany
71%
Hunchback Of Notre DameFrance
71%
The Princess And The Frog*New Orleans, Louisiana
71%
RatatouilleFrance
69%
Peter PanNeverland, England
69%
Robin HoodNottingham, England
67%
Lilo & Stitch*Hawaii
67%
FrozenNorway
67%
HerculesGreece
67%
CinderellaFrance
64%
101 DalmationsLondon, England
62%
AladdinSaudi Arabia/Iran
61%
The Jungle BookIndia
61%
Alice In WonderlandWonderland, England
58%
AristocatsFrance
57%
Winnie The PoohHundred Acre Wood, England
54%
PinocchioItaly
51%
TangledGermany
50%
Sleeping BeautyFrance
50%
The Lion KingKenya/Tanzania
49%
Pocahontas*Virginia
46%
The Fox And The HoundUSA/Canada
36%
Emperors New GroovePeru
34%
BambiUSA/Canada
31%
Toy Story*Ohio/Michigan/USA
27%
Wall-E*USA, Earth
23%
Bolt*Hollywood, California
18%
Finding Nemo*Great Barrier Reef
17%
Brother Bear*Alaska
16%
UpVenezuela
16%
Monsters Inc.*Monstropolis
13%
The Little Mermaid*Caribbean
11%
Dumbo*Florida
10%
TarzanNigeria/Gabon
10%
Chicken Little*USA/Oakey Oaks
8%
Cars*Route 66, Arizona
8%
Dinosaur*Pangea
8%
The Incredibles*Chicago, Illinois
3%
A Bug's Life*New Mexico/Texas
3%
Lady And The Tramp*Missouri
1%

Score Distribution

Percentile by Number Answered

Percent of People with Each Score

Your Score History

You have not taken this quiz since the last reset